| 000 | 01348naa a22003137a 4500 | ||
|---|---|---|---|
| 001 | BR9214354 | ||
| 003 | BR-BrBNA | ||
| 005 | 20240918180828.0 | ||
| 007 | ta | ||
| 008 | 230509b bl.||||| |||| 00| 0 por d | ||
| 040 |
_aBR-BrBNA _bpor _cBiblioteca Nacional de Agricultura |
||
| 041 | _a(Pt) | ||
| 072 |
_aF07 _b0336 _b/GZ74 |
||
| 090 | _aF07 BR9214354 | ||
| 100 | 1 | _aMaia, J.C.S. | |
| 100 | 1 | _aEltz, F.L.F. | |
| 111 | 1 |
_a20. Congresso Brasileiro de Engenharia Agricola _cLondrina, PR (Brazil) _d21-26 Jul 1991 |
|
| 245 | 1 | _aAvaliacao da cultura de soja (Glycine max, L.)submetida a dois sistemas de preparo em solo sob vegetacao de cerrados. 3: percentagem de raizes | |
| 246 | 1 | _aEvaluation of soybean (Glycine max, L.)under two preparation systems in "cerrado" vegetation soil. 3: percentage of roots | |
| 246 | 1 | _aAnnals of 20. Brazilian Congress of Agricultural Engineering | |
| 260 | 3 |
_aLondrina, PR (Brasil): _c1992. |
|
| 500 | _aAnais do 20. Congresso Brasileiro de Engenharia Agricola Londrina, PR (Brasil): 1992. v. 2 p. 869-883 (BR9214354-AM)F07 | ||
| 650 | _aSoja | ||
| 650 | _aSistema de Cultivo | ||
| 650 | _aCerrado | ||
| 773 | 0 |
_tAnais do 20. Congresso Brasileiro de Engenharia Agricola _wF07 BR9214354 _gLondrina, PR (Brasil), 1992. v. 2 p. 869-883 |
|
| 909 |
_a202404 _bLucia _c55 _dLucia Elande |
||
| 942 |
_cAM _2AGRIS |
||
| 999 |
_c322185 _d322185 |
||